FNaF characters FNaF 1 to SOTM - Statistics

General Stats
  • This quiz has been taken 209 times
    165 since last reset
  • The average score is 97 of 201
Answer Stats
Hint Character % Correct
Curse of Dreadbear DLC Curse of Dreadbear DLC
98%
FNaF 1 FNaF 1
98%
FNaF 2 FNaF 2
98%
FNaF 3 FNaF 3
98%
FNaF 4 FNaF 4
98%
FNaF 4 Halloween DLC FNaF 4 Halloween DLC
98%
FNaF Sister Location FNaF Sister Location
98%
Help Wanted Help Wanted
98%
Help Wanted 2 Help Wanted 2
98%
Pizzeria Simulator Pizzeria Simulator
98%
SB Ruin DLC SB Ruin DLC
98%
Secret of the Mimic Secret of the Mimic
98%
Security Breach Security Breach
98%
Ultimate Custom Night Ultimate Custom Night
98%
- Chica the chicken
97%
- Freddy Fazbear
95%
- Bonnie the Bunny
94%
- Foxy the Pirate fox
94%
- Golden Freddy
92%
- Endo 01
80%
- Mr Cupcake
75%
- Balloon Boy
73%
- Mangle
73%
- The Puppet/Marionette
73%
- Toy Bonnie
73%
- Toy Chica
73%
- Springtrap
72%
- Toy Freddy
72%
- Phone Guy/Ralph
69%
- Circus Baby
67%
- JJ
67%
- | Mini game Shadow Bonnie
66%
- Shadow Freddy
66%
- Withered Bonnie
66%
- Withered Chica
66%
- Withered Foxy
66%
- Withered Freddy
66%
- Ballora
64%
- Ennard
64%
- Mike Schmidt/Michael Afton
64%
- Nightmare
64%
- Phantom Freddy
64%
- Scraptrap/Afton
64%
- Bon Bon
63%
- Funtime Foxy
63%
- Funtime Freddy
63%
- Nightmare Freddy
63%
Mini game SpringBonnie
63%
Mini game Springbonnie
63%
- Endo 02
61%
- Nightmare Bonnie
61%
- Nightmare Fredbear
61%
- Phantom Chica
61%
- Phantom Foxy
61%
- Phantom Mangle
61%
- Plushtrap
61%
- Withered Golden Freddy
61%
- Nightmare Chica
59%
- Phantom Balloon Boy/Phantom BB
59%
- Phantom Puppet
59%
Mini game Fredbear
58%
- Nightmare Foxy
58%
- Bidybab
56%
- Crying Child/Dave Afton
56%
- Glamrock Freddy
56%
- Nightmarionne
56%
- Scrapbaby
56%
- Bonnet
55%
- Jacko Bonnie
55%
- Jacko Chica
55%
- Leftie
55%
- Minireena
55%
- Montgomery Gator
55%
- Nightmare Balloon boy
55%
- Glamrock Chica
53%
- Molten Freddy
53%
- Nightmare Mangle
53%
- Roxanne Wolf
53%
- Freddles
52%
- Happy Frog
52%
- Funtime Chica
50%
- Jeremy
50%
- Mr Hippo
50%
- Rockstar Bonnie
50%
- Rockstar Chica
50%
- Rockstar Foxy
50%
- Rockstar Freddy
50%
- The Mimic
50%
- Electrobab
48%
- Fritz
48%
- Glamrock Bonnie
48%
- Help
48%
- Music Man
48%
- Yenndo
48%
Mini game Elizabeth Afton
47%
- Moon
47%
- Neddbear
47%
- Pigpatch
47%
- Sun
47%
- Vanny
47%
- Dreadbear
45%
- Gregory/GGY
45%
- Henry Emily
45%
- Lolbit
45%
- Michael Afton
45%
- Orville Elephant
45%
- The Tangle/The Blob
45%
- Vanessa
45%
- Jackie
44%
- Nightmare cupcake
44%
- DJ Music Man
41%
- Glitchtrap
41%
- Mr Hugs
41%
- Ruined Chica
41%
- Burntrap
39%
- Candy Cadet
39%
- Cassie
39%
- Eclipse
39%
- Map bot
39%
- Pan Stan
39%
- Ruined Monty
39%
- Ruined Roxy
39%
- William Afton/Mustard man
39%
- Egg Baby
38%
- Mr Can Do
38%
- No.1 Crate
38%
- Prize King
38%
- Bucket Bob
36%
- Edwin Murray
36%
- Grimm Foxy
36%
- Mini music man
36%
- Nurse Dollie
36%
- Ruined Freddy
36%
- Staff bot
36%
- Cassidy
34%
TV show Clara
34%
- Fritz Smith
34%
- Fruit punch clown
34%
- Jeremy Fitzgerald
34%
- Lemonade clown
34%
- Phone dude
34%
- Security Puppet
34%
- BigTop
33%
- Charlotte Emily/Charlie
33%
- Gabriel
33%
- Plushbaby
33%
- Susie
33%
TV show Vlad
33%
- David Murray
31%
- Fiona Murray
31%
- Old Man Consequences
31%
- DD
30%
- Hand unit
30%
- M1
30%
- M2
30%
- Shattered Monty
30%
- Shattered Roxy
30%
- M.X.E.S/the entity
28%
- Mystic Hippo
28%
- Pat Pat/wet floor bot
28%
- Shattered Chica
28%
- Carnie
27%
- Glamrock endo
27%
- Mask bot
27%
- Arnold
25%
- Tiger Rock
23%
- Party Freddy
22%
- Nightmare endo
20%
- Captain Foxy
19%
- Dispatch
19%
- El Chipp
19%
Mini game 8 bit Baby
17%
- Jacko Moon
17%
On strings Little Joe
17%
- Mr Helpful
17%
- Neon Bonnie
17%
- Burnt Foxy
16%
- Mrs Helpful
16%
- Neon Chica
16%
- Shadow DD
16%
- Shadow Mangle
16%
- Tape girl
16%
Mini game Foxy Bro/Young Mike
14%
- Mop bot
14%
- Comedy bot
13%
- Ruined Moon
13%
- Ruined Sun
13%
- Prototype Glamrock Freddy
11%
- Sleepy Moon
11%
- Chef bot
9%
- Mycelium men
8%
- DigiTyper
6%
- Dread unit
6%
- Party pass bot
5%
- Protomimics
3%
No matching quizzes found
Score Distribution
Percent of People with Each Score
Percentile by Number Answered
Your Score History
You have not taken this quiz since the last reset